Sociálny marketing - sociálne zmeny a problémy

Na minha lista:
Detalhes bibliográficos
Autor principal: Kováčová, Jana
Formato: Capítulo de Livro
Idioma:eslovaco
Tags: Adicionar Tag
Sem tags, seja o primeiro a adicionar uma tag!

MARC

LEADER 00000nla$a2200000$$$4500
001 0130013
005 20240502072504.5
041 0 |a slo 
044 |a SK 
245 1 0 |a Sociálny marketing - sociálne zmeny a problémy  |c Jana Kováčová 
100 1 |a Kováčová, Jana